000 01241nam a22003257a 4500
005 20230921133648.0
010 _aENG-104717 B-524240
020 _a9780071333450
_c599.00
020 _a0071333452
_c599.00
035 _aEN-88250
035 _a B-524240
035 _aB-489881-884
037 _bDBAD/PUB
037 _bBSB/Ven
082 _a330.0182
100 1 _aDamodaran N. Gujarati
_957272
245 _aBasic econometrics /
_cby Damodaran N. Gujarati, Dawn C. Porter [and] Sangeetha Gunasekar
250 _a5th ed
260 _aNew Delhi
_bTata McGraw-Hill
_c2012
270 _a7 West Patel Nagar
_bNew Delhi
_e110001
300 _axxiii,886p.
_c24cm(pbk)
500 _aIncludes bibliographical references and index
650 _aEconometrics
_957273
700 _aPorter, Dawn C.
_939139
700 _aSangeetha Gunasekar
_939148
942 _2ddc
_cEN
_h330.0182
_mDAM
999 _c60854
_d60854